|
|
|
|
| LEADER |
02737nam a22005055i 4500 |
| 001 |
978-3-642-54710-2 |
| 003 |
DE-He213 |
| 005 |
20151110091355.0 |
| 007 |
cr nn 008mamaa |
| 008 |
140825s2014 gw | s |||| 0|eng d |
| 020 |
|
|
|a 9783642547102
|9 978-3-642-54710-2
|
| 024 |
7 |
|
|a 10.1007/978-3-642-54710-2
|2 doi
|
| 040 |
|
|
|d GrThAP
|
| 050 |
|
4 |
|a TP248.13-248.65
|
| 072 |
|
7 |
|a TCB
|2 bicssc
|
| 072 |
|
7 |
|a SCI010000
|2 bisacsh
|
| 082 |
0 |
4 |
|a 660.6
|2 23
|
| 245 |
1 |
0 |
|a Geobiotechnology I
|h [electronic resource] :
|b Metal-related Issues /
|c edited by Axel Schippers, Franz Glombitza, Wolfgang Sand.
|
| 264 |
|
1 |
|a Berlin, Heidelberg :
|b Springer Berlin Heidelberg :
|b Imprint: Springer,
|c 2014.
|
| 300 |
|
|
|a VII, 241 p. 60 illus., 22 illus. in color.
|b online resource.
|
| 336 |
|
|
|a text
|b txt
|2 rdacontent
|
| 337 |
|
|
|a computer
|b c
|2 rdamedia
|
| 338 |
|
|
|a online resource
|b cr
|2 rdacarrier
|
| 347 |
|
|
|a text file
|b PDF
|2 rda
|
| 490 |
1 |
|
|a Advances in Biochemical Engineering/Biotechnology,
|x 0724-6145 ;
|v 141
|
| 505 |
0 |
|
|a Biomining: Metal Recovery from Ores with Microorganisms -- Metal-Containing Residues from Industry and in the Environment: Geo biotechnological Urban Mining -- Bioremediation of Mine Water -- Microbially Supported Phytoremediation of Heavy Metal Contaminated Soils: Strategies and Applications.
|
| 520 |
|
|
|a Axel Schippers, Sabrina Hedrich, Jürgen Vasters, Malte Drobe, Wolfgang Sand and Sabine Willscher Biomining: Metal Recovery from Ores with Microorganisms Franz Glombitza and Susan Reichel Metal-Containing Residues from Industry and in the Environment: Geobiotechnological Urban Mining Robert Klein, Judith S. Tischler, Martin Mühling and Michael Schlömann Bioremediation of Mine Water Marios Tsezos Biosorption: A Mechanistic Approach René Phieler, Annekatrin Voit and Erika Kothe Microbially Supported Phytoremediation of Heavy Metal Contaminated Soils: Strategies and Applications.
|
| 650 |
|
0 |
|a Chemistry.
|
| 650 |
|
0 |
|a Biotechnology.
|
| 650 |
|
0 |
|a Geotechnical engineering.
|
| 650 |
|
0 |
|a Environmental engineering.
|
| 650 |
1 |
4 |
|a Chemistry.
|
| 650 |
2 |
4 |
|a Biotechnology.
|
| 650 |
2 |
4 |
|a Environmental Engineering/Biotechnology.
|
| 650 |
2 |
4 |
|a Geotechnical Engineering & Applied Earth Sciences.
|
| 700 |
1 |
|
|a Schippers, Axel.
|e editor.
|
| 700 |
1 |
|
|a Glombitza, Franz.
|e editor.
|
| 700 |
1 |
|
|a Sand, Wolfgang.
|e editor.
|
| 710 |
2 |
|
|a SpringerLink (Online service)
|
| 773 |
0 |
|
|t Springer eBooks
|
| 776 |
0 |
8 |
|i Printed edition:
|z 9783642547096
|
| 830 |
|
0 |
|a Advances in Biochemical Engineering/Biotechnology,
|x 0724-6145 ;
|v 141
|
| 856 |
4 |
0 |
|u http://dx.doi.org/10.1007/978-3-642-54710-2
|z Full Text via HEAL-Link
|
| 912 |
|
|
|a ZDB-2-CMS
|
| 950 |
|
|
|a Chemistry and Materials Science (Springer-11644)
|